| 000 | 00776nam a2200241Ia 4500 | ||
|---|---|---|---|
| 003 | GCL | ||
| 008 | 140319s9999 xx 000 0 ara d | ||
| 040 |
_aGCL / _cGCL |
||
| 082 | 0 | 4 |
_a944 _bف ف |
| 100 | 1 | _aهاشم صالح مناع | |
| 245 | 1 | 0 |
_aفرنسا والاسلام من نابليون الى ميتران / _cهاشم صالح مناع |
| 700 | 1 | _aهاشم صالح | |
| 700 | 1 | _aفريمو، جاك | |
| 300 | _a319 ص | ||
| 490 | _a | ||
| 650 | 0 | 4 | _aالعلاقات الخارجية |
| 650 | 0 | 4 | _aالاستعمار الفرنسى |
| 650 | 0 | 4 | _aنابليون بونابرت |
| 650 | 0 | 4 | _aالاسلام والسياسة |
| 650 | 0 | 4 | _aفرنسا, تاريخ |
| 650 | 0 | 4 | _aفرنسا, العصر الحديث, الامبراطو |
| 942 |
_2ddc _cBK |
||
| 999 |
_c37851 _d37851 |
||